[Event "Ulm/Neu Ulm-ch"]
[Site "Ulm/Neu Ulm"]
[Date "2005.??.??"]
[Round "?"]
[White "Andritzke, Karl Heinz"]
[Black "Jaedicke, Ludwig"]
[Result "0-1"]
[WhiteElo "1467"]
[BlackElo "1619"]
[PlyCount "72"]
[EventDate "2005.11.26"]
[EventType "swiss"]
[EventRounds "7"]
[EventCountry "GER"]
[SourceTitle "EXT 2011"]
[Source "ChessBase"]
[SourceDate "2010.11.26"]
[SourceVersion "1"]
[SourceVersionDate "2010.11.26"]
[SourceQuality "1"]

1. f4 d5 2. Nf3 Nf6 3. e3 c5 4. b3 Nc6 5. Bb5 Bd7 6. Bxc6 Bxc6 7. 0-0 e6 8. Ne5 Qb6 9. Nxc6 Qxc6 10. Bb2 Nd7 11. Rf3 f6 12. Rg3 0-0-0 13. d3 g6 14. a4 Bd6 15. Na3 a6 16. c4 Kb8 17. cxd5 exd5 18. Rc1 Qb6 19. Rf3 Rhe8 20. Kh1 f5 21. Nb1 Rc8 22. Nd2 Qd8 23. Rh3 Qe7 24. Qf3 Qf7 25. e4 fxe4 26. dxe4 Qxf4 27. Qd3 dxe4 28. Qd5 Nb6 29. g3 Nxd5 30. gxf4 Bxf4 31. Rd1 Ne3 32. Rxe3 Bxe3 33. Nc4 Bf4 34. Rf1 g5 35. Nb6 Rcd8 36. Ba3 e3 0-1